000
00223 a2200085 4500
020
_a
9780714870502
100
_a
Swapnaa Tamhane and, Rashmi Varma
245
_a
Sar: The Essence of Indian Design
260
_b
Phaidon Press
_c
2016
999
_c
13314
_d
13314